Score 0/34 Timer 15:00
0 Plays Today
Hint Answer % Correct
What is the date Alison goes missing?September 1
79.8%
What does A put in Ella Montgomery's car?Bees
70.3%
What town is the doll shop in?Brookhaven
61.5%
Who is Ashley's lawyer?Veronica Hastings
58%
What is Alison's alias?Vivian Darkbloom
51.7%
Who is the executive produce of the show?I Marlene King
51%
Who saved Jenna from the fire at her house?Hanna Marin
46.5%
What is Ezra's real surname?Fitzgerald
46.1%
Who found the broken piece of Jason's hockey stick?Toby Cavanaugh
44.5%
What was stolen from Peter Hasting's desk?Gun
43.9%
What instrument does Noel Kahn play?Guitar
41%
Who does Hanna go dressed as to the Halloween ghost train party?Marilyn Monroe
40.7%
What is the name of the swim team Emily swims for?Rosewood Sharks
39.4%
Who was called Pookie Bear by her family?Aria Montgomery
36.9%
Which parent features in the most episodes of the show?Ashley Marin
36.2%
What is the name of the author who wrote the PLL book series?Sara Shepard
34.9%
Who tried to get Ashley off the subject of A by confessing she sent Hanna the shoplifting report?Aria Montgomery
34.5%
Hint Answer % Correct
What is Mona's favourite holiday?Halloween
28.8%
What play does Ezra put on in season 1?The Bad Seed
28%
To the nearest week, how long were the girls in the dollhouse?3 weeks
24.7%
Who sings the PLL theme song?The Pierces
23.6%
What is the full name of The Brew?Rear Window Brew
22.2%
What number is Ezra's apartment?3B
21.6%
What play does he take Spencer to see?Hamlet
19.7%
What is the name of Wren and Melissa's flatmateColin
19.2%
What is the name of Ezra's college friend?Hardy
16.1%
Who pays Ashley's bail money?Ted Wilson
16%
Who is the famous Olympian who guest starred on the show?Missy Franklin
14.8%
What is the name of the college Spencer and Emily visit together?Cicero College
14.2%
What is the first episode that Cece (Charlotte) appears in?Crazy
14%
What does NAT stand for?Nos Animadverto Totus
9.8%
Where is Ali's scar?Her right thigh
8.4%
What song does Mona sing when Hanna tells her to shut up?Gravity
5.7%
What is Alison's alias an anagram of?Vladimir Nabokov
4.4%
Come Together.
Have Fun.
All Virtual.
We all need to come together. Play Sporcle's virtual live trivia to have fun, connect with people, and get your trivia on. Join a live hosted trivia game for your favorite pub trivia experience done virtually. If a virtual private party is more your thing, go here for details.

You're not logged in!

Compare scores with friends on all Sporcle quizzes.
OR
Log In

Sporcle TV

Today on Sporcle TV


Watch our educational content, quiz creation guides, and fun videos on Sporcle TV.

Show Comments

Extras

Top Quizzes Today


Score Distribution

Paid Content

Your Account Isn't Verified!

In order to create a playlist on Sporcle, you need to verify the email address you used during registration. Go to your Sporcle Settings to finish the process.

Report this User

Report this user for behavior that violates our Community Guidelines.

Details: